Kollektiv und Eigensinn: Lebensverläufe in der DDR und danach
Lit.
| Beteiligte: | |
|---|---|
| Medienart: | Druck Buch |
| Sprache: | Deutsch |
| Veröffentlicht: |
Berlin
Akad. Verl.
1995
|
| In: | Jahr: 1995 |
| Online-Zugang: |
Inhaltsverzeichnis Inhaltsverzeichnis |
| Bestand in Tübingen: | In Tübingen vorhanden. IFK: B XVIII 346 |
| Verfügbarkeit prüfen: | HBZ Gateway |
| Subito Bestelldienst: | Jetzt bestellen. |
| Schlagwörter: |
MARC
| LEADER | 00000cam a2200000 c 4500 | ||
|---|---|---|---|
| 001 | 189326565 | ||
| 003 | DE-627 | ||
| 005 | 20260206202333.0 | ||
| 007 | tu | ||
| 008 | 951020s1995 gw ||||| 00| ||ger c | ||
| 015 | |a 95,N43,0620 |2 dnb | ||
| 015 | |a 96,A08,2186 |2 dnb | ||
| 016 | 7 | |a 945660537 |2 DE-101 | |
| 020 | |a 3050028076 |c (brosch.) : ca. DM 68.00, ca. sfr 68.00, ca. S 530.00 |9 3-05-002807-6 | ||
| 035 | |a (DE-627)189326565 | ||
| 035 | |a (DE-603)045837848 | ||
| 035 | |a (DE-576)047327596 | ||
| 035 | |a (DE-599)DNB945660537 | ||
| 035 | |a (OCoLC)231650662 | ||
| 035 | |a (OCoLC)34217399 | ||
| 035 | |a (DE-604)8104423277 | ||
| 040 | |a DE-627 |b ger |c DE-627 |e rakwb | ||
| 041 | |a ger | ||
| 044 | |c XA-DE-BE |c XA-DE | ||
| 050 | 0 | |a HC290.782 | |
| 082 | 0 | |a 943.1087 | |
| 084 | |a 64 |a 14 |2 sdnb | ||
| 084 | |a MR 5600 |q DE-FR129/1005 |2 rvk |0 (DE-625)rvk/123520: | ||
| 084 | |a CV 3000 |q DE-FR129/1005 |2 rvk |0 (DE-625)rvk/19154: | ||
| 084 | |a NQ 6960 |2 rvk |0 (DE-625)rvk/128854: | ||
| 084 | |a NQ 7315 |2 rvk |0 (DE-625)rvk/128878: | ||
| 084 | |a MS 1206 |2 rvk |0 (DE-625)rvk/123560: | ||
| 084 | |a MG 81010 |2 rvk |0 (DE-625)rvk/122864:12035 | ||
| 084 | |a 71.11 |2 bkl | ||
| 084 | |a 15.38 |2 bkl | ||
| 090 | |a a | ||
| 245 | 0 | 0 | |a Kollektiv und Eigensinn |b Lebensverläufe in der DDR und danach |c Johannes Huinink ... |
| 264 | 1 | |a Berlin |b Akad. Verl. |c 1995 | |
| 300 | |a 414 S. |b graph. Darst. |c 22 cm | ||
| 336 | |a Text |b txt |2 rdacontent | ||
| 337 | |a ohne Hilfsmittel zu benutzen |b n |2 rdamedia | ||
| 338 | |a Band |b nc |2 rdacarrier | ||
| 500 | |a Literaturverz. S. [375] - 395 | ||
| 505 | 8 | |a Enth. 9 Beitr. | |
| 505 | 8 | |a Literaturverz. S. [375] - 395 | |
| 520 | |a Lit. | ||
| 583 | 1 | |a Archivierung/Langzeitarchivierung gewährleistet |f SLG |x XA-DE-BW |z BfZ |2 pdager |5 DE-24 | |
| 648 | 7 | |a Geschichte |2 gnd | |
| 650 | 7 | |8 1.1\x |a Sozialer Wandel |0 (DE-627)091390125 |0 (DE-2867)15720-5 |2 stw | |
| 650 | 7 | |8 1.2\x |a Sozialstruktur |0 (DE-627)091390532 |0 (DE-2867)16597-1 |2 stw | |
| 650 | 7 | |8 1.3\x |a Familie |0 (DE-627)091359244 |0 (DE-2867)15938-6 |2 stw | |
| 650 | 7 | |8 1.4\x |a Frauenpolitik |0 (DE-627)09136115X |0 (DE-2867)18142-4 |2 stw | |
| 650 | 7 | |8 1.5\x |a Lebenszyklus |0 (DE-627)091374766 |0 (DE-2867)12057-4 |2 stw | |
| 650 | 7 | |8 1.6\x |a Ostdeutschland |0 (DE-627)09137989X |0 (DE-2867)18131-2 |2 stw | |
| 650 | 4 | |a Sozialer Wandel | |
| 650 | 4 | |a Lebensverlaufsforschung | |
| 650 | 4 | |a Lebensbedingungen | |
| 650 | 4 | |a Soziale Ungleichheit | |
| 650 | 4 | |a Berufsverlauf | |
| 651 | 0 | |a Germany (East) |x Social conditions | |
| 651 | 0 | |a Germany (East) |x Economic conditions | |
| 651 | 7 | |a Deutschland <DDR> |2 gnd | |
| 651 | 7 | |a D : Neue Bundesländer |2 gnd | |
| 655 | 7 | |a Aufsatzsammlung |0 (DE-588)4143413-4 |0 (DE-627)105605727 |0 (DE-576)209726091 |2 gnd-content | |
| 689 | 0 | 0 | |d g |0 (DE-588)4011890-3 |0 (DE-627)104732415 |0 (DE-576)20889621X |a Deutschland |g DDR |2 gnd |
| 689 | 0 | 1 | |d s |0 (DE-588)4130642-9 |0 (DE-627)105701041 |0 (DE-576)209620706 |a Lebensbedingungen |2 gnd |
| 689 | 0 | 2 | |d s |0 (DE-588)4127505-6 |0 (DE-627)104766824 |0 (DE-576)209594209 |a Handlungsspielraum |2 gnd |
| 689 | 0 | 3 | |d s |0 (DE-588)4132300-2 |0 (DE-627)10421967X |0 (DE-576)209634405 |a Biografieforschung |2 gnd |
| 689 | 0 | 4 | |a z |2 gnd |a Geschichte |
| 689 | 0 | |5 DE-101 | |
| 689 | 1 | 0 | |d s |0 (DE-588)4055736-4 |0 (DE-627)104270470 |0 (DE-576)209115173 |a Soziale Ungleichheit |2 gnd |
| 689 | 1 | 1 | |d s |0 (DE-588)4034869-6 |0 (DE-627)106250485 |0 (DE-576)209009527 |a Lebenslauf |2 gnd |
| 689 | 1 | |5 DE-101 | |
| 700 | 1 | |a Huinink, Johannes |d 1952- |0 (DE-588)122713958 |0 (DE-627)082109494 |0 (DE-576)165047704 |4 oth | |
| 856 | 4 | 2 | |u http://www.gbv.de/dms/hbz/toc/ht006828182.pdf |m V:DE-605 |q pdf/application |v 2008-11-15 |x Verlag |y Inhaltsverzeichnis |3 Inhaltsverzeichnis |7 1 |
| 856 | 4 | 2 | |u http://scans.hebis.de/HEBCGI/show.pl?04583784_toc.pdf |m V:DE-605 |q application/pdf |3 Inhaltsverzeichnis |7 1 |
| 889 | |w (DE-627)278676766 | ||
| 889 | |w (DE-627)25767098X | ||
| 935 | |i sf | ||
| 935 | |i Blocktest | ||
| 935 | |h HEB |i 0501 | ||
| 935 | |h HEB |i 0503 | ||
| 936 | r | v | |a MR 5600 |b Theorien und Studien des kollektiven Verhaltens (soziale Bewegungen) |k Soziologie |k Sozialwissenschaftliche Theorien und Methoden |k Jüngere soziologische Theorie |k Theorien und Studien des kollektiven Verhaltens (soziale Bewegungen) |0 (DE-627)1271428164 |0 (DE-625)rvk/123520: |0 (DE-576)201428164 |
| 936 | r | v | |a CV 3000 |b Soziale Wahrnehmung, Selbstwahrnehmung,Personenwahrnehmung, Soziale Urteilsbildung, Attribution |k Psychologie |k Sozialpsychologie |k Soziale Wahrnehmung, Selbstwahrnehmung,Personenwahrnehmung, Soziale Urteilsbildung, Attribution |0 (DE-627)1271119234 |0 (DE-625)rvk/19154: |0 (DE-576)201119234 |
| 936 | r | v | |a NQ 6960 |b Darstellungen |k Geschichte |k Geschichte seit 1918 |k Deutsche Geschichte seit 1945 |k Deutsche Demokratische Republik (DDR) (1949 - 1990) |k Darstellungen |0 (DE-627)1271472600 |0 (DE-625)rvk/128854: |0 (DE-576)201472600 |
| 936 | r | v | |a NQ 7315 |b Einzelbeiträge |k Geschichte |k Geschichte seit 1918 |k Deutsche Geschichte seit 1945 |k Die Bundesrepublik Deutschland nach der Vereinigung |k Innenpolitik |k Einzelbeiträge |0 (DE-627)1270750763 |0 (DE-625)rvk/128878: |0 (DE-576)200750763 |
| 936 | r | v | |a MS 1206 |b DDR (1949-1990) |k Soziologie |k Spezielle Soziologien |k Analysen einzelner Länder |k Europa |k DDR (1949-1990) |0 (DE-627)127108273X |0 (DE-625)rvk/123560: |0 (DE-576)20108273X |
| 936 | r | v | |a MG 81010 |b Soziale Zusammenhänge |k Politologie |k Politische Systeme einzelner Länder |k Europa, Nordamerika |k Osteuropa (ehem. Ostblock) |k DDR (bis 1990) |k Politisches System (insgesamt) |k Soziale Zusammenhänge |0 (DE-627)1271481669 |0 (DE-625)rvk/122864:12035 |0 (DE-576)201481669 |
| 936 | b | k | |a 71.11 |j Gesellschaft |x Soziologie |0 (DE-627)106412558 |
| 936 | b | k | |a 15.38 |j Europäische Geschichte nach 1945 |q coli-conc RVK->BK |q https://coli-conc.gbv.de/api/mappings/ca5e71c2-ea45-4983-9498-0aae53095f57 |0 (DE-627)181569671 |
| 936 | s | n | |a m100 |2 mzub |
| 936 | s | n | |a m200 |2 mzub |
| 936 | s | n | |a n100 |2 mzub |
| 951 | |a BO | ||
| ELC | |b 1 | ||
| LOK | |0 000 xxxxxcx a22 zn 4500 | ||
| LOK | |0 001 3073408878 | ||
| LOK | |0 003 DE-627 | ||
| LOK | |0 004 189326565 | ||
| LOK | |0 005 20151116135447 | ||
| LOK | |0 008 150728||||||||||||||||ger||||||| | ||
| LOK | |0 035 |a (DE-21-110)kd23678 | ||
| LOK | |0 040 |a DE-21-110 |c DE-627 |d DE-21-110 | ||
| LOK | |0 852 |a DE-21-110 | ||
| LOK | |0 852 1 |c B XVIII 346 |m p |9 00 | ||
| LOK | |0 935 |a k110 | ||
| LOK | |0 938 |k p | ||
| LOK | |0 939 |a 28-07-15 |b l01 | ||
| ORI | |a SA-MARC-krimdoka001.raw | ||
| SIG | |a IFK: B XVIII 346 | ||
| TIM | |a 100019491007_100019901002 |b 1949-10-07 - 1990-10-02 | ||
